Most Receiving Yards Ever Vs Every NFL Team - Statistics

General Stats
  • This quiz has been taken 25 times
  • The average score is 15 of 32
Answer Stats
Team Yards QB % Correct
ATL 2,731 Jerry Rice
91%
LAR 2,551 Jerry Rice
91%
NOS 2,025 Jerry Rice
91%
TBB 1,841 Julio Jones
77%
CAR 1,537 Julio Jones
77%
KAN 2,021 Tim Brown
77%
DEN 1,826 Tim Brown
77%
LAC 1,711 Tim Brown
77%
GBP 1,409 Calvin Johnson
73%
BAL 1,522 Jimmy Smith
73%
SFF 2,443 Larry Fitzgerald
68%
SEA 2,241 Larry Fitzgerald
68%
LVR 1,515 Tony Gonzalez
50%
CHI 1,570 Cris Carter
45%
JAX 2,028 Reggie Wayne
41%
TEN 1,573 Reggie Wayne
41%
PHI 1,689 Jason Witten
36%
NYG 1,641 Jason Witten
36%
WAS 1,495 Jason Witten
36%
MIA 1,731 Andre Reed
32%
IND 1,718 Andre Reed
32%
CIN 1,588 Hines Ward
32%
CLE 1,490 Hines Ward
32%
ARI 1,610 Art Monk
23%
HOU 1,820 T.Y. Hilton
23%
BUF 1,795 Don Maynard
18%
NEP 1,709 Don Maynard
18%
MIN 1,312 James Lofton
18%
DAL 1,463 Charley Taylor
14%
PIT 1,289 Carl Pickens
9%
DET 1,681 Carroll Dale
9%
NYJ 1,591 Stanley Morgan
9%
No matching quizzes found
Score Distribution
Percent of People with Each Score
Percentile by Number Answered
Your Score History
You have not taken this quiz